Clic Qui chantait ? 1 chanson -> 1 interprète (12) - Statistiques

Statistiques générales
  • Ce quiz a été pris 89 fois
  • Le résultat moyen est 13 sur 25
Statistiques - réponses
Hint Réponse % Correct
Ève lève-toi Julie Pietri
85%
Ouragan Stéphanie de Monaco
83%
Basique Orelsan
79%
Belle demoiselle Christophe Maé
78%
À nos souvenirs Trois Cafés Gourmands
78%
Hélène Roch Voisine
77%
Un jour je marierai un ange Pierre de Maere
73%
Je t'aime de ouf Wejdene
71%
Butterfly Superbus
67%
À nos héros du quotidien Soprano
63%
Oh, mon bateau ! Éric Morena
55%
Et dans 150 ans Raphaël
54%
Tes états d'âme… Éric Luna Parker
47%
Ce mec est too much Les Coco Girls
45%
Les oubliés Gauvain Sers
41%
Quatre boules de cuir Claude Nougaro
38%
Adieu jolie Candy Jean-François Michaël
37%
Le petit train Rita Mitsouko
33%
Le feu qui m'attise Ophélie Winter
31%
Le temps des yéyés Les Vagabonds
29%
Au pays des merveilles de Juliet Yves Simon
29%
Premier amour Nour
27%
Ce petit chemin Mireille
23%
Petite fleur Mouloudji
18%
Musicienne Gilbert Montagné
12%
Aucun quiz correspondant
Distribution des résultats
% des personnes avec chaque résultat
Percentile par nombre de réponses
Votre historique - résultats
Vous n’avez pas pris ce quiz